000
00266nam a22001217a 4500
008
170715b xxu||||| |||| 00| 0 eng d
041
_a
eng
080
_a
572
100
_a
24
101
_a
ANT
245
_a
BASIC CONCEPTS IN ANTHROPOLOGY
_c
MAN, N
942
_2
udc
_c
BK
999
_c
21070
_d
21070